ՀՀ Գիտությունների ազգային ակադեմիայի հիմնարար գիտական գրադարան  =   Fundamental Scientific Library of NAS RA

Серёжа : (Record no. 141361)

MARC details
000 -LEADER
fixed length control field 01311nam a2200253 a 4500
001 - CONTROL NUMBER
control field 000369883
003 - CONTROL NUMBER IDENTIFIER
control field AM-YeHGA
005 - DATE AND TIME OF LATEST TRANSACTION
control field 20250617131853.0
008 - FIXED-LENGTH DATA ELEMENTS--GENERAL INFORMATION
fixed length control field 041014s1984 ||| r 000 0 rus d
040 ## - CATALOGING SOURCE
Original cataloging agency AM-YeHGA
041 1# - LANGUAGE CODE
Language code of text/sound track or separate title rus
Language code of original eng
090 ## - LOCALLY ASSIGNED LC-TYPE CALL NUMBER (OCLC); LOCAL CALL NUMBER (RLIN)
-- 142741
100 1# - MAIN ENTRY--PERSONAL NAME
Personal name Панова, Вера Федоровна.
245 10 - TITLE STATEMENT
Title Серёжа :
Remainder of title Несколько историй из жизни очень маленького мальчика : Кн. для чтения с коммент. на англ. яз. и словарём /
Statement of responsibility, etc. В.Ф. Панова; Пер. В.Н. Короткий; Сост. коммент. и слов. П.-М. В. Мамсурова.
246 35 - VARYING FORM OF TITLE
Title proper/short title Serуozha :
Remainder of title A Few Histories from the Life of a Very Small Boy : A Russian Reader with Explanatory Notes and Vocabulary
250 ## - EDITION STATEMENT
Edition statement 3-е изд.
260 ## - PUBLICATION, DISTRIBUTION, ETC.
Place of publication, distribution, etc. Москва :
Name of publisher, distributor, etc. Рус. яз.,
Date of publication, distribution, etc. 1984.
300 ## - PHYSICAL DESCRIPTION
Extent 229 с.
440 #0 - SERIES STATEMENT/ADDED ENTRY--TITLE
Title Домашнее чтение 2. Средний этап обучения
653 0# - INDEX TERM--UNCONTROLLED
Uncontrolled term Русский язык - Хрестоматии для нерусских
653 0# - INDEX TERM--UNCONTROLLED
Uncontrolled term Русский язык для нерусских - Хрестоматии
700 1# - ADDED ENTRY--PERSONAL NAME
Personal name Короткий, В.Н.
Relator term пер.
Relationship trl
700 1# - ADDED ENTRY--PERSONAL NAME
Personal name Мамсурова, П.-М. В.
Relator term сост. коммент.
Relationship cmm
Holdings
Withdrawn status Lost status Damaged status Not for loan Collection Home library Current library Date acquired Total checkouts Full call number Barcode Date last seen Price effective from Koha item type Public note
        General Fundamental Scientific Library Fundamental Scientific Library 22/12/2016   808.2-8(075.8=2.0) 110053612 22/12/2016 22/12/2016 Գրքեր / Books Two weeks Loan


ՀՀ ԳԱԱ հիմնարար գիտական գրադարան
ՀՀ,Երևան 0019
Մարշալ Բաղրամյան 24/6
հեռախոս:(374-10) 52-47-50
Հետադարձ կապ

All site content, except where otherwise noted, is licensed under a
Creative Commons License